02577nab a2200253 i 4500003000900000005001700009008004100026040001800067072000800085100003000093100003100123100002300154245006400177500006600241520165800307650001201965650003001977650001402007650001502021773018202036856007802218942000802296999001902304BR-BrBNA20250213130259.0250213b2013 bl.qr|pooa||| 00| 0 por | aBR-BrBNAbpor aF70 aHall, Climbiê Ferreira  aKlein, Vera Lúcia Gomes  aBarros, Fábio de aOrchidaceae no município de Caldas Novas, Goiás, Brasil aPublicação on-line; 43 ref.; 4 illus.; Summaries (En, Pt) a Resumo O presente estudo teve como objetivo inventariar as espécies de Orchidaceae ocorrentes no município de Caldas Novas. Para tanto, foram realizadas coletas mensais, durante o ano de 2008 (exceto entre setembro e novembro). Paralelamente aos trabalhos de campo foram realizados levantamentos nos herbários CEN, IBGE, UB e UFG. São apresentados chave de identificação, descrições morfológicas, comentários e ilustrações das espécies. Foram registrados 15 gêneros e 28 espécies de Orchidaceae na área. Os gêneros que apresentaram maior número de espécies foram Epidendrum e Habenaria (seis espécies cada), seguidos por Cleistes (três), e Cyrtopodium (duas). Cinco espécies listadas são novas ocorrências para Goiás, mostrando a necessidade de inventários florísticos no estado. Palavras-chave: Cerrado, florística, orquídea, taxonomia. Abstract The aim of this study was to inventory the species of Orchidaceae occurring in Caldas Novas. We conducted monthly collections during 2008 (except from September to November). Parallel to the fieldwork, surveys were done in the herbaria CEN, IBGE, UB and UFG. We present an identification key, morphological descriptions, comments and illustrations of the species. We recorded 15 genera and 28 species of Orchidaceae in the area. The genera with more species were Epidendrum and Habenaria (six species each), followed by Cleistes (three), and Cyrtopodium (two). Five species are new records for the state of Goiás, showing that floristic inventories in the state are still needed. Keywords: “Cerrado”, floristics, orchids, taxonomy. aCERRADO aCOMPOSIÇÃO BOTÂNICA aTAXONOMIA aORQUÍDEA0 07099348387dRio de Janeiro-RJ Jardim Botanico do Rio de Janeiro 1935o2025-0880tRodriguésia (Brazil)x0370-6583; 2175-7860 on-linegv. 64(4) p. 685-704; (2013)wBR2024004140 uhttps://www.scielo.br/j/rod/a/GbGqwqLf4Cs3CYLYFLBLWHJ/?format=pdf&lang=pt cANA c329959d329959